00866nam a2200241 a 450000100060000000300080000600500170001400800410003103500190007204000520009104100080014308200260015110000430017724500760022026000480029630000240034449000830036850000200045150400310047165000160050265000230051883000830054173082BD-RjUL20211209082340.0170528s1948 nyu 001 0 eng d a(BD-RjUL)73300 aNLMcNLMdZHMdSERdCHSdOCLdEQOdBD-RjULbeng aeng 223a616.804bMEP 19481 aMenninger, William Claire,d1899-1966.10aPsychiatry :bits evolution and present status /cWilliam C. Menninger. aIthaca, N.Y. :bCornell Univ. Press,c1948. axi, 138 p. ;c22 cm1 aMessenger lectures on the evolution of civilization, Cornell University,v1947 aIncludes index. aBibliographical footnotes. 0aPsychiatry. 2aPsychiatryxessays 0aMessenger lectures on the evolution of civilization, Cornell University,v1947